Представление документа в формате RUSMARC

ПолеНазваниеЗначение
  Тип записи a
  Библиографический уровень a
001 Контрольный номер RU/CBS_UL/BASE/a6d977b699b64b8e8a94d68605d179c5
005 Дата корректировки 20260324000519.0
100 Данные общей обработки __
a Данные общей обработки 20260324 ||| 0rusy0189 ca
101 Язык документа 0_
a Язык текста rus
102 Страна публикации __
a Страна публикации RU
200 Заглавие и сведения об ответственности 1_
a Заглавие Григорий Шелихов. Колумб Русской Америки
e Сведения, относящиеся к заглавию [о мореплавателе, купце Г. Шелихове, который основал первое русское поселение на Аляске]
f Первые сведения об ответственности С. Гольдфарб
300 Общие примечания __
a Общие примечания Содерж. : Наставление Г.И. Шелехова главному правителю К.А. Самойлову ; Жизнь на четыре стороны света. Экскурсия вокруг памятника Григорию Шелихову
300 Общие примечания __
a Общие примечания 16+
461 Уровень набора _0
1 2000
a Родина
463 Уровень физической единицы _0
1 2000
a № 7
v С. 16-21 : фот., ил.
1 2101
d 2024
1 001RU/CBS_UL/BASE/6e9108ef9bae4487b971c5f0bdb5f809
600 Персоналии _1
a Персоналии (Фамилия) Шелихов
b Персоналии (Имя, инициалы) Г.И.
606 Тематические рубрики 0_
a Основная рубрика Шелихов, Григорий Иванович (1747(49)-1795)
610 Ключевые слова 0_
a Ключевые слова купцы-мореходы, история географических открытий, морские экспедиции, Иркутская навигационная школа, роль личности в истории, краеведение
686 Индексы других классификаций __
2 Код системы rubbk
a Классификационный индекс 26.8г
700 Автор _1
a Фамилия Гольдфарб
b Имя (инициалы) С.
801 Источник записи _0
a Страна RU
b Организация МБУК ЦБС г. Ульяновска
c Дата составления 20260324
g Правила каталогизации RCR
801 Источник записи _1
a Страна RU
b Организация МБУК ЦБС г. Ульяновска
c Дата составления 20260324
g Правила каталогизации RCR
901 Тип документа __
t Тип документа b
w Контрольный № источника RU/CBS_UL/BASE/6e9108ef9bae4487b971c5f0bdb5f809
909 Создатель записи __
a Создатель записи lib1